00509nam a22001697a 450000500170000001000130001702000260003003500130005603700090006908200100007810000180008824500820010626000290018827000440021730000290026150000490029020210727152847.0 aB-740652 a9788173048531c595.00 aB-740652 bGift a940.2 aSinha, Arvind aEurope in transition:bfrom feudalism to industrialization /cby Arvind Sinha aNew DelhibManoharc2013 a4753/23, Ansari RoadbDaryaganje110002 a782p.:bmaps.c22cm(pbk) ainclude bibliographical references and index